Największe rzeki polskich województw. - Statystyki

Ogólne statystyki
  • Ten quiz został rozwiązany 88 razy
  • Średni wynik to 15 z 17
Statystyki odpowiedzi
Województwo Rzeka % Poprawnych
Dolnośląskie Odra
98%
Małopolskie Wisła
96%
Mazowieckie Wisła
96%
Lubuskie Odra
95%
Opolskie Odra
95%
Zachodniopomorskie Odra
93%
Kujawsko-pomorskie Wisła
93%
Pomorskie Wisła
93%
Świętokrzyskie Wisła
93%
Wielkopolskie Warta
91%
Łódzkie Warta
90%
Śląskie Wisła
89%
Lubelskie Wisła
84%
Podkarpackie San
83%
Na deser: Przez jakie województwo przepływają dwie największe polskie rzeki, zarówno Wisła jak i Odra? Śląskie
80%
Podlaskie Narew
76%
Warmińsko-mazurskie Wisła
75%
Nie znaleziono quizów pasujących do podanych kryteriów
Rozkład punktacji
Procent ludzi z każdym wynikiem
Percentyl według liczby udzielonych odpowiedzi
Twoja historia wyników
Nie rozwiązałeś tego quizu